| 000 | 00660nam a2200181Ia 4500 | ||
|---|---|---|---|
| 008 | 090123s9999 xx 000 0 und d | ||
| 082 | _b26642 | ||
| 100 | _aकुलकर्णी प्रमिला | ||
| 245 | _aपुराणकालीन स्त्री कथा | ||
| 250 | _a1 | ||
| 260 | _bअक्षय प्रकाशन | ||
| 300 | _a120 | ||
| 600 | _aकुलकर्णी प्रमिला | ||
| 630 | _aपुराणकालीन स्त्री कथा | ||
| 700 | _aकुलकर्णी प्रमिला | ||
| 730 | _aपुराणकालीन स्त्री कथा | ||
| 942 | _cBOOK | ||
| 999 |
_c64711 _d64711 |
||